| 000 | 00801nam a22002297a 4500 | ||
|---|---|---|---|
| 003 | 0 | ||
| 005 | 20250905105047.0 | ||
| 008 | 250905b xxu||||| |||| 00| 0 eng d | ||
| 020 | _a978-1-0719-4244-4 | ||
| 050 |
_aLB 2822.75 _b.M37 2024 |
||
| 100 |
_aMarshall, James, _eauthor. |
||
| 245 |
_aFixing education initiatives in crisis : _b24 go-to strategies / _cJames Marshall. |
||
| 260 |
_aThousand Oaks, California : _bCorwin, a Sage Company, _c2024. |
||
| 300 |
_axxii, 129 pages : _billustrations ; _c28 cm. |
||
| 504 | _aIncludes bibliographical references and index. | ||
| 650 | _aEducational change. | ||
| 650 | _aSchool improvement programs. | ||
| 650 |
_aEducation _xAims and objectives. |
||
| 650 |
_aEducation _xCrisis management. |
||
| 650 | _aEducational leadership. | ||
| 942 |
_2lcc _cBK |
||
| 999 |
_c367772 _d367772 |
||